| 000 | 00666cam a2200205 a 4500 | ||
|---|---|---|---|
| 001 | 000009585 | ||
| 005 | 20200929161631.0 | ||
| 008 | 010504s2000 ec 000 e spa | ||
| 020 | _a9978621768 | ||
| 040 |
_aDO-SdBNP _cDLC |
||
| 082 |
_aE863.44 _bP452h |
||
| 100 | 1 |
_aPernett Yépez, Hernán, _d1949- _924424 |
|
| 245 | 1 | 3 |
_aLa huella de los sátrapas / _cHernán Pernett Yépez. |
| 260 |
_aQuito : _bCasa de la Cultura Ecuatoriana "Benjamín Carrión", _c2000. |
||
| 300 |
_a167 p. ; _c21 cm. |
||
| 504 | _aIncluye índice p.(166-167) | ||
| 650 | 4 |
_aCuentos ecuatorianos _917829 |
|
| 650 | 4 |
_aLiteratura ecuatoriana _93938 |
|
| 910 | _aCatalogación por copia / LC | ||
| 999 |
_c9345 _d9345 |
||